Представление документа в формате RUSMARC

ПолеНазваниеЗначение
  Тип записи a
  Библиографический уровень m
001 Контрольный номер RU/CBS_UL/BASE/271b09f5e0c44f5aa376e344d536c391
005 Дата корректировки 20260406114911.5
010 Индекс ISBN __
a ISBN 978-5-9567-2918-2
b Уточнения в пер.
d Цена 110 р. 00 к.
9 Тираж 25 000 экз.
100 Данные общей обработки __
a Данные общей обработки 20121106d2012 ||| 0rusy0189 ca
101 Язык документа 0_
a Язык текста rus
102 Страна публикации __
a Страна публикации RU
105 Кодированные данные (монография) __
a Кодированные данные (монография) y###||||000|y
181 Поле кодированных данных: вид содержания _1
a Код вида содержания (ISBD) i#
b Код характеристики содержания (ISBD) #xxe##
d i
g x
h x
i e
182 Поле кодированных данных: тип средства _1
a Код типа средства (ISBD) n
2 Код системы (источник кода, отличный от ISBD) isbdmedia
200 Заглавие и сведения об ответственности 1_
a Заглавие Подводный мир
f Первые сведения об ответственности Т. В. Скиба
e Сведения, относящиеся к заглавию тропические моря, моря умеренной зоны, полярные воды, глубоководный мир, доисторические животные
210 Выходные данные 1_
a Место издания Ростов-на-Дону
c Издательство Владис
d Дата издания 2021
215 Физическое описание __
a Объем 126, [1] с.
c Иллюстрации/тип воспроизводства ил.
d Формат 26 см.
300 Общие примечания __
a Общие примечания На обл. и тит. л. авт. не указан
300 Общие примечания __
a Общие примечания 6+
606 Тематические рубрики 0_
a Основная рубрика Гидробиология - Обитатели океана
610 Ключевые слова 0_
a Ключевые слова моря; океаны; миры подводные; рыбы; хищники морские; обитатели морские; рифы; моллюски; звезды морские; кораллы; доисторические морские животные
686 Индексы других классификаций __
a Классификационный индекс 28.082
2 Код системы ББК
700 Автор _1
a Фамилия Скиба
b Имя (инициалы) Т. В.
g Полное личное имя Тамара Викторовна
801 Источник записи _0
a Страна RU
b Организация МБУК ЦБС г. Ульяновска
c Дата составления 20121106
g Правила каталогизации RCR
801 Источник записи _1
a Страна RU
b Организация МБУК ЦБС г. Ульяновска
c Дата составления 20121106
g Правила каталогизации RCR
852 Данные о местонахождении __
j Шифр хранения 28.0
i Авторский знак С 42
900 Электронные ресурсы __
a Имя электронного ресурса подводн мир 2021
901 Тип документа __
t Тип документа m